<?xml version="1.0" encoding="UTF-8"?><?xml-stylesheet type="text/xsl" href="static/style.xsl"?><OAI-PMH xmlns="http://www.openarchives.org/OAI/2.0/" xmlns:xsi="http://www.w3.org/2001/XMLSchema-instance" xsi:schemaLocation="http://www.openarchives.org/OAI/2.0/ http://www.openarchives.org/OAI/2.0/OAI-PMH.xsd"><responseDate>2026-06-02T02:04:18Z</responseDate><request verb="GetRecord" identifier="oai:riuma.uma.es:10630/6372" metadataPrefix="marc">https://riuma.uma.es/rest/oai/request</request><GetRecord><record><header><identifier>oai:riuma.uma.es:10630/6372</identifier><datestamp>2026-02-03T12:53:00Z</datestamp><setSpec>com_10630_5701</setSpec><setSpec>com_10630_3139</setSpec><setSpec>com_10630_10</setSpec><setSpec>col_10630_6340</setSpec></header><metadata><record xmlns="http://www.loc.gov/MARC21/slim" xmlns:dcterms="http://purl.org/dc/terms/" xmlns:doc="http://www.lyncode.com/xoai" xmlns:xsi="http://www.w3.org/2001/XMLSchema-instance" xsi:schemaLocation="http://www.loc.gov/MARC21/slim http://www.loc.gov/standards/marcxml/schema/MARC21slim.xsd">
   <leader>00925njm 22002777a 4500</leader>
   <datafield ind2=" " ind1=" " tag="042">
      <subfield code="a">dc</subfield>
   </datafield>
   <datafield ind2=" " ind1=" " tag="720">
      <subfield code="a">Cerón-Torreblanca, Cristian Matías</subfield>
      <subfield code="e">author</subfield>
   </datafield>
   <datafield ind2=" " ind1=" " tag="260">
      <subfield code="c">2012</subfield>
   </datafield>
   <datafield ind2=" " ind1=" " tag="520">
      <subfield code="a">Este artículo analiza tanto la evolución de la implantación universal de los derechos&#xd;
humanos en el mundo, como su violación y defensa en Chile. Con ese fin, se estudian las políticas&#xd;
emprendidas por los diferentes estados durante la edad contemporánea. Así se muestran, por un&#xd;
lado, los intentos de defender a los ciudadanos frente a la opresión de las clases tradicionales y por&#xd;
otro los intentos de expandir su defensa durante este periodo, especialmente se analiza lo ocurrido&#xd;
en Chile durante la dictadura militar. Todo ello enmarcado en el contexto nacional y comparado&#xd;
con las aportaciones que la historia española y chilena ha realizado sobre este tema</subfield>
   </datafield>
   <datafield ind2=" " ind1=" " tag="520">
      <subfield code="a">This article analyses the evolution of universal implementation of human rights in the&#xd;
world, as the violation and defense in Chile. To that end, we study the policies undertaken by&#xd;
the states during the contemporary age. That is, on the one hand, attempts to defend citizens&#xd;
against oppression of traditional classes and other attempts to expand its defense during this&#xd;
period, especially discusses what happened in Chile during the military dictatorship. All of this&#xd;
in the national context and compared with the contributions and Chilean Spanish history has&#xd;
been made on this topic</subfield>
   </datafield>
   <datafield ind1="8" ind2=" " tag="024">
      <subfield code="a">CERÓN TORREBLANCA, CRISTIAN "Los fantasmas del pasado. La historia universal de los derechos humanos y la violencia en el Chile de Pinochet" Baética, 34, 2012, 421-436</subfield>
   </datafield>
   <datafield ind1="8" ind2=" " tag="024">
      <subfield code="a">0212-5099</subfield>
   </datafield>
   <datafield ind1="8" ind2=" " tag="024">
      <subfield code="a">http://hdl.handle.net/10630/6372</subfield>
   </datafield>
   <datafield tag="653" ind2=" " ind1=" ">
      <subfield code="a">Derecho humanos - Chile</subfield>
   </datafield>
   <datafield tag="653" ind2=" " ind1=" ">
      <subfield code="a">Chile - Historia - 1973, Golpe de Estado</subfield>
   </datafield>
   <datafield ind2="0" ind1="0" tag="245">
      <subfield code="a">Los fantasmas del pasado. La historia universal de los derechos humanos y la violencia en el Chile de Pinochet</subfield>
   </datafield>
</record>
</metadata></record></GetRecord></OAI-PMH>